La violencia contra las mujeres Marco jurd̕ico nacional e internacional

Bibliographic Details
Format: eBook
Language:Spanish
Published: Ciudad de Mx̌ico: Cm̀ara de Diputados, 2010
Subjects:
Online Access:Acceso restringido

MARC

LEADER 00000nam a22000007a 4500
005 20170829232713.0
007 cr|||| ||||
008 170829s2010 mx |||||s||||f00||0 spa d
035 |a 20475 
040 |a vLex 
090 |c 6874  |d 6874 
245 0 2 |a La violencia contra las mujeres  |h [Recurso electrn̤ico] :  |b Marco jurd̕ico nacional e internacional 
256 |a Servicio en ln̕ea 
260 |a Ciudad de Mx̌ico:  |b Cm̀ara de Diputados,  |c 2010 
300 |a 1 recurso electrn̤ico 
506 1 |a Disponible solo en los productos indicados  |d vLex Global  |d vLex Global (Academic Edition, excluding Law Schools)  |d vLex Global (U.S. Academic Edition, Law Schools)  |d vLex Global (U.S. Academic Edition, excluding Law Schools)  |d vLex Global (Academic Edition, Law Schools) 
650 0 4 |a Derecho Civil  |z Mx̌ico 
650 0 4 |a Derecho Constitucional  |z Mx̌ico 
650 0 4 |a Derecho Internacional  |z Mx̌ico 
740 0 |a vLex Libros (Servicio en ln̕ea) 
856 4 0 |u http://vlex.com/source/violencia-contra-las-mujeres-marco-juridico-nacional-e-internacional-20475  |z Acceso restringido 
942 |c BOOK 
999 0 |a Civil Law 
999 0 |a Constitutional Law 
999 0 |a International Law